Random Romance Movie List - Statistics

General Stats
  • This quiz has been taken 20 times
  • The average score is 12 of 26
Answer Stats
Year 2 Actors 2 Characters Status Adaptation Answer % Correct
2004 Ryan GoslingRachel McAdams Noah CalhounAllie Hamilton Standalone Book The Notebook
94%
2016 Ryan GoslingEmma Stone Sebastian WilderMia Dolan Standalone N/A La La Land
88%
1996 Leonardo DiCaprioClaire Danes RomeoJuliet Standalone Play Romeo & Juliet
88%
1997 Leonardo DiCaprioKate Winslet Rose DeWitt Bukater Jack Dawson Standalone N/A Titanic
82%
1999 Julia StilesHeath Ledger Kat StratfordPatrick Verona Standalone Book 10 Things I Hate About You
76%
1999 Hugh GrantJulia Roberts William ThackerAnna Scott Standalone N/A Notting Hill
76%
2004 Adam SandlerDrew Barrymore Henry RothLucy Whitmore Standalone N/A 50 First Dates
71%
2005 Keira KnightleyMathew Macfadyen Elizabeth BennetDr. Darcy Standalone Book Pride and Prejudice
71%
2007 Joseph Gordon-LevittZooey Deschanel Tom HansenSummer Standalone N/A 500 Days of Summer
65%
2009 Ryan ReynoldsSandra Bullock Margaret TateAndrew Paxton Standalone N/A The Proposal
65%
2017 Timothée ChalametArnie Hammer Elio PerlmanOliver Standalone Book Call Me By Your Name
53%
2024 Blake LivelyJustin Baldoni Lily BloomRyle Kincaid Original Book It Ends With Us
53%
2018 Constance WuHenry Golding Rachel ChuNicholas Young Original Book Crazy Rich Asians
47%
2014 Lily CollinsSam Claflin Rosie DunneAlex Stewart Standalone Book Love, Rosie
47%
2004 Jim CarreyKate Winslet Joel BarishClementine Kruczynski Standalone N/A Eternal Sunshine of the Spotless Mind
41%
2002 Mandy MooreShane West Jamie SullivanLandon Carter Standalone Book A Walk to Remember
29%
2019 Haley Lu RichardsonCole Sprouse StellaWilliam Newman Standalone Book Five Feet Apart
29%
2013 Joaquin PhoenixScarlet Johansson TheodoreSamantha Standalone N/A Her
24%
2020 Justice SmithElle Fanning Theodore FinchViolet Markey Standalone Book All The Bright Places
18%
1995 Ethan HawkeJulie Delpy Jesse WallaceCeline Original N/A Before Sunrise
18%
2004 Ethan HawkeJulie Delpy Jesse WallaceCeline Sequel N/A Before Sunset
18%
2013 Ethan HawkeJulie Delpy Jesse WallaceCeline Sequel N/A Before Midnight
12%
2013 Miles TellerShailene Woodley Sutter KeelyAimee Finicky Standalone N/A The Spectacular Now
12%
2024 Florence PughAndrew Garfield AlmutTobias Standalone N/A We Live in Time
12%
2013 Daniel RadcliffeZoe Kazan WallaceChantry Standalone N/A What If | The F Word
12%
2020 Leah LewisDaniel Diemer Ellie ChuPaul Munsky Standalone N/A The Half of It
6%
No matching quizzes found
Score Distribution
Percent of People with Each Score
Percentile by Number Answered
Your Score History
You have not taken this quiz